| 000 | 00499nam a2200169Ia 4500 | ||
|---|---|---|---|
| 005 | 20140617112741.0 | ||
| 008 | 140609s9999 xx 000 0 und d | ||
| 050 |
_aPN 524 _b.T784 [2010] |
||
| 245 |
_aA Treasury of world literature / _cJesus Q. Cruz ... [et al.] |
||
| 250 | _a3rd ed. | ||
| 260 |
_a[Philippines] : _b[S.n.], _c[c2010?]. |
||
| 300 |
_a496 p. : _bill. ; _c23 cm. |
||
| 500 | _aIncludes bibliographical references. | ||
| 521 | _aGE | ||
| 942 |
_kLOC _cBK _2lcc |
||
| 999 |
_c118287 _d118287 |
||